000 00723nam a2200217Ii 4500
003 JO-AjNU
008 230605s9999||||xx |||||||||||||| ||und||
017 _a1990/1088
040 _aJO-AjNU
_bara
_erda
_cJO-AjNU
041 _aara
050 1 4 _aDS70.96.K9.H34 1990
100 3 _aتاليف الهاشمي، رضا واخرون,
_eauthor
_939543
245 0 0 _aالحقيقة التاريخية لعراقية الكويت
250 _aط1
264 3 1 _aبغداد: دار الشؤون الثقافية العامة، 1990
300 _a149ص
336 _atext
_btxt
_2rdacontent
337 _aunmediated
_bn
_2rdamedia
338 _avolume
_bnc
_2rdacarrier
650 4 _aعراقية الكويت-تاريخ
_939544
999 _aA16709
_c20277
_d20277